000 01012naa a22002897a 4500
001 BR7320053
003 BR-BrBNA
005 20240918173542.0
007 ta
008 230509b bl.||||| |||| 00| 0 por d
040 _aBR-BrBNA
_bpor
_cBiblioteca Nacional de Agricultura
041 _a(Pt)
072 _aF00
_b1540
090 _aF00 BR7320053
100 1 _aMenezes, D.M. de
111 1 _a5. Reuniao da Comissao Nacional da Mandioca
_cSete Lagoas, MG (Brazil)
_d1971
245 1 _aEpocas do plantio e colheita da mandioca
260 3 _aSete Lagoas, MG (Brasil):
_c1971.
500 _aAnais da 5. Reuniao da Comissao Nacional da Mandioca 1971 Sete Lagoas, MG (Brasil): 1971. p. 59-62 (BR7320053-AM)F00
650 _aProducao vegetal
650 _aMandioca
650 _aPlantio
650 _aColheita
773 0 _tAnais da 5. Reuniao da Comissao Nacional da Mandioca 1971
_wF00 BR7320053
_gSete Lagoas, MG (Brasil), 1971. p. 59-62
909 _a202404
_bLucia
_c55
_dLucia Elande
942 _cAM
_2AGRIS
999 _c305341
_d305341